000 nam a22 7a 4500
999 _c9314
_d9314
008 180125b ||||| |||| 00| 0 eng d
100 _aNCERT
_95569
245 _aSocial Science Political Life-I
260 _aNew Delhi
_bNCERT
_c2006